000 00748nam a2200217 a 4500
999 _c3419
_d3419
001 3419
003 BD-JhCC
005 20171123094536.0
008 171112s1970 bg ||||| |||| 00| 0 ben d
035 _a(BD-JhCC)
040 _aBD-JhCC
_dBD-JhCC
041 _aben
082 _a891.442
_bKHA 1970
100 _aখলিল, ইব্রাহিম
245 _aস্পেন-বিজয়ী মূসা :
_bইসলামী মৌলনীতির উপর ভিত্তিকৃত নাটিকা /
_cইব্রাহিম খলিল
260 _aঢাকা :
_bইসলামিক ফাউন্ডেশন,
_c1970.
300 _a68 p. :
_c22 cm.
650 _aBengali Drama
942 _2ddc
_cBK